| 000 | 01072cam a22002538a 4500 | ||
|---|---|---|---|
| 005 | 20041027072032.0 | ||
| 008 | 031105s2004 nyua 001 0 eng | ||
| 010 | _aENG-90463 | ||
| 020 |
_a9788120335363 _c225.00 |
||
| 035 | _aEN-73996 | ||
| 037 | _bDBAD / PUB | ||
| 040 |
_aDPL _bEN |
||
| 082 | _a338.60954 | ||
| 100 |
_aDas, Subhas Chandra _950733 |
||
| 245 |
_aCorporate governance in India : _ban evaluation / _cby Subhash Chandra Das |
||
| 260 |
_aNew Delhi _bPrentice-Hall of India _c2008. |
||
| 300 |
_axvii, 242p. _c23 cm. |
||
| 500 | _aIncludes appendix, bibliographical references and index. | ||
| 710 |
_aProject Management Institute. _950734 |
||
| 856 | _uhttp://www.loc.gov/catdir/toc/ecip0410/2003023995.html | ||
| 942 |
_2ddc _cEN _h338.60954 _mDAS |
||
| 999 |
_c14241 _d14241 |
||